Pays ou il y a le plus d'Espagnols - Statistiques

Statistiques générales
  • Ce quiz a été pris 402 fois
  • Le résultat moyen est 17 sur 22
Statistiques - réponses
Nombre Pays % Correct
47 059 533 Espagne
99%
215 183 France
97%
103 474 États-Unis
94%
404 111 Argentine
93%
108 314 Mexique
93%
20 898 Italie
88%
56 104 Chili
87%
30 683 Colombie
87%
81 519 Royaume-Uni
86%
146 846 Allemagne
83%
117 523 Brésil
81%
19 668 Pérou
80%
188 585 Venezuela
79%
63 827 Uruguay
76%
103 247 Suisse
72%
53 212 Belgique
69%
35,616 Équateur
64%
108 858 Cuba
63%
23 974 Pays-Bas
61%
18 353 Australie
60%
24 485 Andorre
45%
18 928 République dominicaine
31%
Aucun quiz correspondant
Distribution des résultats
% des personnes avec chaque résultat
Percentile par nombre de réponses
Votre historique - résultats
Vous n’avez pas pris ce quiz